| 000 | 01266nam a2200301Ia 4500 | ||
|---|---|---|---|
| 001 | ebr10094137 | ||
| 003 | CaPaEBR | ||
| 006 | m u | ||
| 007 | cr cn||||||||| | ||
| 008 | 790709s1979 enkaf sb 001 0 eng d | ||
| 010 | _z 79307298 | ||
| 020 | _z0203988027 | ||
| 040 |
_aCaPaEBR _cCaPaEBR |
||
| 035 | _a(OCoLC)243606265 | ||
| 050 | 1 | 4 |
_aHX11.I5 _bM13 1979eb |
| 100 | 1 | _aMcClellan, Woodford. | |
| 245 | 1 | 0 |
_aRevolutionary exiles _h[electronic resource] : _bthe Russians in the First International and the Paris Commune / _cWoodford McClellan. |
| 260 |
_aLondon ; _aTotowa, N.J. : _bCass, _c1979. |
||
| 300 |
_axviii, 264 p. : _bill. |
||
| 504 | _aIncludes bibliography and index. | ||
| 533 |
_aElectronic reproduction. _bPalo Alto, Calif. : _cebrary, _d2011. _nAvailable via World Wide Web. _nAccess may be limited to ebrary affiliated libraries. |
||
| 610 | 2 | 0 |
_aInternational Workingmen's Association (1864-1876) _xHistory. |
| 650 | 0 |
_aRevolutionaries _zRussia _xHistory _y19th century. |
|
| 651 | 0 |
_aParis (France) _xHistory _yCommune, 1871. |
|
| 655 | 7 |
_aElectronic books. _2local |
|
| 710 | 2 | _aebrary, Inc. | |
| 856 | 4 | 0 |
_uhttp://site.ebrary.com/lib/rucke/Doc?id=10094137 _zAn electronic book accessible through the World Wide Web; click to view |
| 999 |
_c195462 _d195462 |
||